000 00239nam a22000857a 4500
008 160720b xxu||||| |||| 00| 0 eng d
100 _93078
_aBrien O.T
245 _aGeneral Knowledge-7
_bKnow More
260 _aNew Delhi
_bF.B & Co Publication
_c2011
999 _c2641
_d2641